Optimum networks for heat exchange /
Guardado en:
| Otros Autores: | |
|---|---|
| Formato: | Manuscrito |
| Idioma: | English |
| Publicado: |
1971.
|
| Materias: | |
| Etiquetas: |
Agregar Etiqueta
Sin Etiquetas, Sea el primero en etiquetar este registro!
|
| LEADER | 00857ntm a22002295a 4500 | ||
|---|---|---|---|
| 001 | EIQ.libpla002651 | ||
| 008 | 070716s1971####enka#####bm###000#0#eng#d | ||
| 005 | 20080311151501.0 | ||
| 245 | 1 | 0 | |a Optimum networks for heat exchange / |c by Edward Charles Hohmann, Jr. |
| 260 | |c 1971. | ||
| 300 | |a xv, 190 h. : |b il., tablas, figuras ; |c 22 cm. | ||
| 502 | |a Tesis (doctorado)-- University of Southern California, 1971. | ||
| 500 | |a Director de tesis: Dr. F. J. Lockhart. | ||
| 504 | |a Incluye referencias bibliográficas. | ||
| 100 | 1 | |a Hohmann, Edward Charles. |4 dis | |
| 710 | 2 | |a University of Southern California |4 dgg. | |
| 650 | 4 | |a Procesos |x Tesis. | |
| 650 | 4 | |a Procesos |x Intercambiadores de calor. | |
| 650 | 4 | |a Processes |x Thesis. | |
| 650 | 4 | |a Processes |x Heat exchange. | |
| 040 | |a AR-BbSID |b spa |c AR-BbSID | ||
| 859 | |a AR-BbSID |b BIB. PLAPIQUI |h 621.402 2 |i H 1 |p 1634 | ||
